|
|
|
|
| LEADER |
00000nam a2200000 a 4500 |
| 001 |
vtls001135102 |
| 003 |
SK-MaSNL |
| 005 |
20260301111752.0 |
| 008 |
240313s1992 xr 0 cze |
| 020 |
|
|
|a 800100824X
|
| 035 |
|
|
|a SNK000077955
|
| 040 |
|
|
|a SNK
|b slo
|c SNK
|e AACR2
|
| 044 |
|
|
|a xr
|c CZ
|
| 080 |
|
|
|a 519.682 PASCAL (075.8)
|2 1981
|
| 080 |
|
|
|a 519.68(075.8)
|2 1981
|
| 100 |
1 |
|
|a Vospěl, Zdeněk
|4 aut
|9 451463
|
| 245 |
1 |
|
|a Programování v jazyku Pascal
|c Zdeněk Vospěl
|
| 260 |
|
|
|a Praha
|b České vysoké učení technické
|c 1992
|
| 300 |
|
|
|a 167 s.
|c 29 cm
|
| 650 |
0 |
7 |
|a programovacie jazyky
|2 SNKPH
|9 1838
|
| 650 |
0 |
7 |
|a Pascal (programovací jazyk)
|2 SNKPH
|9 67950
|
| 655 |
|
7 |
|a učebnice vysokých škôl
|2 SNKPH
|9 70191
|
| 919 |
|
|
|a 80-01-00824-X
|
| 999 |
|
|
|c 708313
|d 710243
|
| 952 |
|
|
|t P60, <04>, [BOOK], {604}
|a SNK
|b SNK
|y VYP
|7 0
|p 17A0039718
|o snkIB 67772
|i snkKIP 5524/92
|0 0
|1 0
|4 0
|d 1997-02-19
|l 0
|r 2005-01-01 00:00:00
|w 2026-02-23
|